MDQL
is popping MORE tags! Check the
thread
!
Quizzes
Events
Quiz Creation
Community
Videos
Private Events
Remove Ads
Sign In
Join for FREE
Feedback
Dark Mode
Quiz Categories
Sports
Geography
Music
Movies
Television
Just For Fun
Miscellaneous
History
Literature
Language
Science
Gaming
Entertainment
Religion
Holiday
For Kids
Quiz Lab
Recent
Popular Today
Quiz Kudos Today
Editor Picks
Curator Picks
Quizzes by...
Day
Popularity
Type
Ratings
Length
Year
Community
Subscriptions
Recent Discussions
Orange Saloon
Badges
Playlists
Quests
Create
Leaderboards
Showdown
Live 5
Trivia Bingo
Activity
Puzzle Library
Sporcle Events
Private Events
Virtual Trivia
Globe League
Become a Host
Pub Owners
SporcleCon
Opinionation
Our Games
Videos
Blog
Mobile Apps
Partnerships
Remove Ads and Go Orange
Feedback
Sports
Athletes
MLB
NBA
NHL
NFL
Soccer
Sports Teams
WWE
NCAA
Football
Premier League
Basketball
Baseball
Hockey
Golf
Tennis
Cricket
Rugby
Auto Racing
Olympics
World Cup
Sports
Athletes
MLB
NBA
NHL
NFL
Soccer
Sports Teams
WWE
NCAA
Football
Premier League
Basketball
Baseball
Hockey
Golf
Tennis
Cricket
Rugby
Auto Racing
Olympics
World Cup
Random Quiz
Search Sporcle
×
Quiz Lab
Quiz Lab
Sports
World Cup
Type in answers that appear in a list
Type in answers that appear in a list
Classic
Best Score? Go Orange.
Australia Rugby World Cup squads Stats
Can you name the Australia Rugby World Cup squads?
By
Benno
10m
162 Questions
2,798 Plays
2,798 Plays
2,798 Plays
Comments
Comments
Give Quiz Kudos
Give Quiz Kudos
-
- Ratings
hide this ad
Replay
Link that replays current quiz
Next Quiz
Link to next quiz in quiz playlist
You Got
0%
They Got
Avg Score
55%
Avg Friend Score
Upgrade to see
Score Distribution
Jump to the score distribution portion of the page
Score
0/162
Timer
10:00
0
Plays Today
% Correct
George Gregan
90.8%
George Gregan
90.8%
George Gregan
90.8%
George Smith
87.3%
George Smith
87.3%
Quade Cooper
87.2%
Toby Smith
86.9%
David Pocock
85.4%
Stephen Larkham
85.4%
Stephen Larkham
85.4%
Stephen Larkham
85.4%
Quade Cooper
84.9%
Michael Hooper
84.5%
David Pocock
84.3%
Stephen Moore
83.4%
Bernard Foley
83.3%
Will Genia
83.1%
Will Genia
81.9%
Stephen Moore
81.7%
Stephen Moore
81.7%
Matt Giteau
81.5%
Rod Moore
81.4%
Matt Giteau
80.6%
Matt Giteau
80.6%
Adam Ashley-Cooper
79.8%
Adam Ashley-Cooper
79.8%
Adam Ashley-Cooper
78.3%
Eddie Jones
78.3%
John Eales
77.5%
Chris Latham
76.8%
Chris Latham
76.8%
Chris Latham
76.8%
Stirling Mortlock
76.6%
Stirling Mortlock
76.6%
Israel Folau
76.5%
Lote Tuqiri
76%
Lote Tuqiri
76%
Drew Mitchell
75.9%
Kurtley Beale
74.7%
Wendell Sailor
74.6%
Kurtley Beale
74.5%
Drew Mitchell
74.4%
Drew Mitchell
74.4%
Michael Foley
73.5%
Matt Burke
72.6%
Matt Burke
72.6%
Nathan Sharpe
72.3%
Nathan Sharpe
72.3%
Nathan Sharpe
72.3%
Michael Cheika
71.8%
Nick Phipps
70.5%
Phil Waugh
70%
Phil Waugh
70%
James O'Connor
69.6%
% Correct
Sekope Kepu
69.6%
Elton Flatley
69.1%
Joe Roff
68%
Joe Roff
68%
Tim Horan
67.5%
Sekope Kepu
65.8%
Nick Phipps
65.7%
Mat Rogers
65.4%
Tevita Kuridrani
64.3%
Toutai Kefu
64%
Wycliff Palu
63.9%
Wycliff Palu
63.9%
Scott Sio
63.4%
Tatafu Polota-Nau
62.7%
Wycliff Palu
62.5%
Berrick Barnes
61.9%
Berrick Barnes
61.9%
Rocky Elsom
61.6%
Rocky Elsom
61.6%
James Slipper
61.3%
James Horwill
60.8%
Dan Vickerman
60.7%
Dan Vickerman
60.7%
Dan Vickerman
60.7%
Tatafu Polota-Nau
60.6%
Scott Fardy
60.2%
Rob Simmons
60.2%
Jeremy Paul
59.3%
Jeremy Paul
59.3%
James Slipper
58.8%
Robbie Deans
58.5%
Matt Dunning
57.3%
Matt Dunning
57.3%
Ben Alexander
57.2%
Ben Tune
56.9%
Rob Simmons
56.5%
Brendan Cannon
56.3%
Al Baxter
56.1%
Al Baxter
56.1%
David Lyons
56%
David Lyons
56%
Justin Harrison
55.1%
Anthony Fainga'a
54.5%
Saia Fainga'a
54.5%
Daniel Herbert
52.1%
Digby Ioane
51.9%
Radike Samo
51.2%
David Wilson
50.7%
Matt Cockbain
50.7%
Matt Cockbain
50.7%
Chris Whitaker
50.6%
Chris Whitaker
50.6%
Dean Mumm
50.1%
Jason Little
50%
% Correct
Matt Toomua
49.9%
Phil Kearns
49.6%
Owen Finegan
49%
Jim Williams
48.7%
Luke Burgess
48.7%
Rob Horne
48.5%
Rob Horne
48.4%
Kane Douglas
48.4%
David Giffin
48.2%
David Giffin
48.2%
Ben McCalman
47.9%
Scott Higginbotham
47.6%
Will Skelton
46.9%
Pat McCabe
46.5%
Ben McCalman
46.5%
Nathan Grey
46.2%
Nathan Grey
46.2%
Bill Young
46%
Rod Macqueen
45.5%
Sean McMahon
45.4%
Rod Kafer
44.9%
Morgan Turinui
43%
Morgan Turinui
43%
Greg Holmes
41.5%
Henry Speight
41.5%
Ben Darwin
41.1%
Sam Carter
40.4%
Lachie Turner
39.8%
Joe Tomane
38.4%
Greg Holmes
38.1%
Cameron Shepherd
37.8%
Andrew Blades
37.5%
Richard Harry
37.1%
John Connolly
36.6%
Scott Staniforth
36.5%
Mark Chisholm
36.5%
Scott Staniforth
36.5%
Mark Gerrard
35.2%
John Roe
33.7%
Sam Cordingley
33.1%
Matt Hodgson
32.9%
Salesi Ma'afu
32.1%
Guy Shepherdson
31.3%
Julian Huxley
30.1%
Stephen Hoiles
30%
Adam Freier
29.9%
James Hanson
29.9%
Dan Crowley
29.6%
David Croft
27.3%
Tiaan Strauss
26.6%
Mark Connors
26.2%
Hugh McMeniman
24.2%
Tom Bowman
24.1%
Sean Hardman
23%
Quiz Playlist
Details
Report
Send in Message
Add To Playlist
Classic:
Type in answers that appear in a list
Last Updated: Apr 28, 2017
Quiz Scoreboard
CHALLENGE
Sign Up to Join the Scoreboard
Show All
Scores
Hide
Comments
May contain spoilers
Recently Published
5x2 Blitz: Bands
by SL_Kpop136
Music
30s
Colored Red Africa Blitz
by spor1
Geography
30s
Find the 'City' Movie
by crazypaving
Movies
60s
More to Explore
Quiz From the Vault
Featured Blog Post
14 Easter Pick-up Lines to Find Eggs With
hide this ad
You Might Also Like...
Tags
Rugby Quiz
World Cup Quiz
Australia
Australian
Australia National
Squad
Squad Members
Today's Top Quizzes in Sports
Browse Sports
hide this ad
Today's Top Quizzes in World Cup
Browse World Cup
Top Contributed Quizzes in Sports
1
Players with Multiple 50 Home Run Seasons
2
Criteria MLB: Left Handed Sluggers
3
MLB Players with Two .350 Batting Average Seasons
4
Who Hit More Homers?
5
Premier League Clubs since 2000 (minefield)
6
Who Needs Fielders?
7
2020 F1 Drivers Logic Puzzle
8
Les entraîneurs de l'OM et du PSG au 21e siècle
9
Top 10 NHL Goal Scorers of All Time
10
MLB Hall of Famer by Rings
Explore More
Trending Topics
Disney
Marvel
Kpop
Crossword
NBA
Anime
Harry Potter
NFL
Puzzle
WWE
Soccer
Song
Country
The Office
Pokémon
hide this ad
More By:
Benno
Quiz
Plays
Rating
Category
Featured
Created
International Rugby XVs: England
22,552
5.00
Sports
Jul 10, 2015
British & Irish Lions touring squads
18,968
4.88
Sports
Oct 31, 2011
International Rugby XVs: Ireland
16,629
4.17
Sports
Jul 10, 2015
England Rugby World Cup squads
15,885
4.50
Sports
Sep 28, 2011
Year End Top 10 Test Cricket ICC Batting Rankings
15,312
5.00
Sports
Jan 20, 2018
Go to Creator's Profile
Score Distribution
Quiz Creator Spotlight
Benno
Follow
Send a Message
Quizzes Created
-
Created Quiz Play Count
-
More By This Creator
Popular Quizzes Today
1
Find the 'City' Movie
2
Colored Red Africa Blitz
3
Find the US States - No Outlines Minefield
4
5x2 Blitz: Bands
5
The Countries of the World
6
Find the US States
7
US States
8
9x9 Crossword: Cartoon Network
More Sports Quizzes
Blue Jays Cy Young Award Winners
Quiz Lab
Trending Quizzes
Colored Red Europe Blitz I
Colored Red Africa Blitz II
Colored Red Europe Blitz II
Colored Red Europe Blitz III
Colored Red Africa Blitz III
Recently Updated
Famous TV Couples
Peacemaker
Champions League XIs: Real Madrid
pecheneg
Largest US Cities 1790-2010
pecheneg
Rides in Walt Disney World
pecheneg
Most Oscar Losses (Acting)
pecheneg
Beyoncé Albums
pecheneg
Leaping Animals
pecheneg
Reality TV Shows (A-Z)
bhenderson79
Rickey Henderson's Hall of Fame Teammates
pecheneg
Champions League XIs: Arsenal
pecheneg
Trending Topics
Anime
Disney
Kpop
Marvel
Harry Potter
NBA
Crossword
The Office
Country
Pokémon
Puzzle
Soccer
Song
NFL
WWE
Your Account Isn't Verified!
In order to create a playlist on Sporcle, you need to verify the email address you used during registration. Go to your
Sporcle Settings
to finish the process.
Report this User
Report this user for behavior that violates our
Community Guidelines
.
Details:
Send Report
Go to the Sporcle.com Mobile Site →
Comments